Perfil del joven productivo. Empoderamiento del ser, el pensar, el hacer, el vivir con los demás

Enregistré dans:
Détails bibliographiques
Auteur principal: Castañeda Tabares, Pablo Andrés
Format: Livre
Langue:Spanish
Publié: Pereira: Graficar publicidad, 2016.
Accès en ligne:Enlace del recurso
Tags: Ajouter un tag
Pas de tags, Soyez le premier à ajouter un tag!

MARC

LEADER 00000nam a22000007a 4500
003 OSt
005 20171005080858.0
008 170915b2016 ck ||||| |||| 00| 0 spa d
020 |a 9789584804235 
040 |c CNA-IDEP 
082 |a 305.23  |b C346p 
100 1 |9 4614  |a Castañeda Tabares, Pablo Andrés 
245 1 0 |a Perfil del joven productivo.  |b Empoderamiento del ser, el pensar, el hacer, el vivir con los demás   |c Pablo Andrés Castañeda Tabares 
260 |a Pereira:  |b Graficar publicidad,  |c 2016. 
300 |a 309 p.; 
942 |2 ddc  |c BK 
999 |c 5494  |d 5494 
856 |u https://catalogo.idep.edu.co/cgi-bin/koha/opac-detail.pl?biblionumber=5494  |z Enlace del recurso